000 00424nam a2200145Ia 4500
008 230917s9999||||xx |||||||||||||| ||und||
040 _e34420
_aMAIN
041 _aEnglish
082 _a780.954 R727S
100 _aRosenthal, Ethel
245 4 _aThe story of Indian music and its instruments: a study of present & a record of past
260 _aDelhi
_bLow Price Publication
_c1990
300 _axxvii, 220 p.
942 _cBK
999 _c64678
_d64678